Puck of Pook's hill /

Hlavní autor: Kipling, Rudyard, 1865-1936
Jazyk: Angličtina
Vydáno: Harmondsworth : Penguin Books, 1994
Edice: Penguin popular classics
Fyzický popis: 217 s.
Knihy
Uloženo v:
LEADER 00790nam a2200241 4500
001 000992713
003 CZ BrMZK
005 20091023084140.0
007 ta
008 010825s1994 enk f eng
020 |a 0140621474  |q (brož.) 
040 |a BOA001  |b cze 
080 9 |a 821.111 
100 1 |a Kipling, Rudyard,  |d 1865-1936  |7 jn19990004353  |4 aut 
245 1 0 |a Puck of Pook's hill /  |c Rudyard Kipling 
260 |a Harmondsworth :  |b Penguin Books,  |c 1994 
300 |a 217 s. 
490 1 |a Penguin popular classics 
830 0 |a Penguin popular classics 
910 |a BOA001  |b AK-0000.685 
990 |a BK 
991 |b 200908  |y British Council Brno - Czech Republic  |z 000041277  |x 99 
996 7 |b R07997A0391  |c AK-0000.685  |l Anglická knihovna/2.patro  |r ZHR  |n 6  |h F-kip  |w 000992713  |u 000010  |a 0  |e BOA001  |j MZK50  |s A